All in a grain of rice

שמור ב:
מידע ביבליוגרפי
מחבר ראשי: Gelia T Castilla
פורמט: ספר
שפה:Undetermined
יצא לאור: Southeast Asian Regional Center for Graduate Study 1975
נושאים:
תגים: הוספת תג
אין תגיות, היה/י הראשונ/ה לתייג את הרשומה!
Thư viện lưu trữ: Trung tâm Học liệu Trường Đại học Cần Thơ
LEADER 00495nam a2200169Ia 4500
001 CTU_13052
008 210402s9999 xx 000 0 und d
082 |a 633.1854 
082 |b C352 
100 |a Gelia T Castilla 
245 0 |a All in a grain of rice 
245 0 |c Gelia T Castilla 
260 |b Southeast Asian Regional Center for Graduate Study 
260 |c 1975 
650 |a rice 
904 |i Nguyễn Quang Điền, 961122 
980 |a Trung tâm Học liệu Trường Đại học Cần Thơ